[Event "URS-chT Republics 15th final A"]
[Site "Moscow"]
[Date "1981.05.??"]
[Round "9.1"]
[White "Giorgadze, Tamaz"]
[Black "Kupreichik, Viktor D"]
[Result "0-1"]
[WhiteElo "2530"]
[BlackElo "2575"]
[PlyCount "73"]
[EventDate "1981.05.16"]
[EventType "team-tourn"]
[EventRounds "9"]
[EventCountry "URS"]
[SourceTitle "EXT 2015"]
[Source "ChessBase"]
[SourceDate "2014.11.20"]
[SourceVersion "1"]
[SourceVersionDate "2014.11.20"]
[SourceQuality "1"]
[WhiteTeam "Georgia"]
[BlackTeam "Belarus"]
[WhiteTeamCountry "GEO"]
[BlackTeamCountry "BLR"]

1. d4 Nf6 2. c4 g6 3. Nf3 d6 4. g3 Bg7 5. Bg2 O-O 6. O-O a6 7. Nc3 Nc6 8. h3
Rb8 9. e4 b5 10. cxb5 axb5 11. Be3 Na5 12. e5 Nd7 13. Bf4 b4 14. Nb1 dxe5 15.
dxe5 Ba6 16. Re1 Nc5 17. Qc2 Ne6 18. Rd1 Qc8 19. Nbd2 Bb7 20. Rac1 Rd8 21. Be3
Bd5 22. b3 Qb7 23. Qb2 Nc6 24. Bf1 Rd7 25. Re1 Rbd8 26. Bc4 Bxc4 27. Nxc4 Rd5
28. Rb1 Qb5 29. a4 bxa3 30. Qxa3 Rd3 31. Qa4 Qd5 32. Ncd2 Nxe5 33. Nxe5 Bxe5
34. Nc4 Bc3 35. Rec1 Ra8 36. Ba7 Bd4 37. Ne3 0-1

[Event "URS-ch49 Final"]
[Site "Frunze"]
[Date "1981.12.??"]
[Round "6"]
[White "Kupreichik, Viktor D"]
[Black "Gulko, Boris F"]
[Result "1-0"]
[WhiteElo "2575"]
[BlackElo "2590"]
[PlyCount "55"]
[EventDate "1981.11.28"]
[EventType "tourn"]
[EventRounds "17"]
[EventCountry "URS"]
[EventCategory "12"]
[SourceTitle "URS-ch"]
[Source "ChessBase"]
[SourceDate "1999.07.01"]
[SourceVersion "1"]
[SourceVersionDate "1999.07.01"]
[SourceQuality "1"]

1. e4 e6 2. d4 d5 3. Nd2 c5 4. exd5 exd5 5. Ngf3 Nc6 6. Bb5 Bd6 7. dxc5 Bxc5 8.
Nb3 Bd6 9. O-O Nge7 10. Bg5 O-O 11. c3 Bg4 12. Re1 Re8 13. h3 Bh5 14. Nbd4 Qc7
15. Qa4 Rac8 16. Nh4 f6 17. Ne6 Qd7 18. Bf4 g5 19. Bxd6 Qxd6 20. Bxc6 Rxc6 21.
Ng7 Kxg7 22. Rxe7+ Kh8 23. Nf5 Qb8 24. Rae1 Rxe7 25. Nxe7 Ra6 26. Qb5 Rb6 27.
Qxd5 Rxb2 28. g4 1-0

[Event "New Delhi"]
[Site "New Delhi"]
[Date "1982.??.??"]
[Round "2"]
[White "Koshy, Varugeese"]
[Black "Kupreichik, Viktor D"]
[Result "0-1"]
[WhiteElo "2355"]
[BlackElo "2570"]
[PlyCount "52"]
[EventDate "1982.??.??"]
[EventType "tourn"]
[EventRounds "11"]
[EventCountry "IND"]
[SourceTitle "MCD"]
[Source "ChessBase"]
[SourceDate "1999.07.01"]
[SourceVersion "1"]
[SourceVersionDate "1999.07.01"]
[SourceQuality "1"]

1. Nf3 d5 2. d4 c6 3. e3 Nf6 4. Bd3 Bg4 5. Nbd2 Nbd7 6. h3 Bh5 7. c4 e6 8. O-O
Bd6 9. e4 dxe4 10. Nxe4 Nxe4 11. Bxe4 Nf6 12. Bd3 Bc7 13. Be2 Qd6 14. g3 O-O-O
15. Be3 Qb4 16. Qb3 Qa5 17. c5 Bb8 18. Qc4 Nd5 19. Bd2 Qc7 20. Ne5 g6 21. g4 f6
22. f4 g5 23. gxh5 gxf4 24. Nf3 Qg7+ 25. Kh1 Qg3 26. Qd3 Rhg8 0-1

[Event "New Delhi"]
[Site "New Delhi"]
[Date "1982.??.??"]
[Round "8"]
[White "Hartston, William R"]
[Black "Kupreichik, Viktor D"]
[Result "0-1"]
[WhiteElo "2450"]
[BlackElo "2570"]
[PlyCount "78"]
[EventDate "1982.??.??"]
[EventType "tourn"]
[EventRounds "11"]
[EventCountry "IND"]
[SourceTitle "MCD"]
[Source "ChessBase"]
[SourceDate "1999.07.01"]
[SourceVersion "1"]
[SourceVersionDate "1999.07.01"]
[SourceQuality "1"]

1. d4 Nf6 2. Nf3 g6 3. c4 Bg7 4. Nc3 O-O 5. Bg5 d6 6. e3 h6 7. Bh4 Bf5 8. Be2
Nbd7 9. O-O g5 10. Bg3 Bg6 11. Bd3 Bxd3 12. Qxd3 Nh5 13. d5 f5 14. Nd4 Nc5 15.
Qc2 f4 16. b4 e5 17. Nf5 Nd7 18. Nxh6+ Bxh6 19. Qg6+ Bg7 20. Qxh5 fxg3 21. fxg3
e4 22. Rxf8+ Nxf8 23. Rc1 Nh7 24. Ne2 Qf6 25. Nd4 Rf8 26. Qe2 Rf7 27. g4 Nf8
28. Nf5 Ng6 29. c5 Ne7 30. cxd6 cxd6 31. Rf1 Nxf5 32. gxf5 Qe5 33. Qg4 Bf6 34.
Qh5 Qc3 35. Qg6+ Kf8 36. Qh6+ Ke7 37. Qh3 Qxb4 38. Rc1 Qd2 39. Rb1 Qxd5 0-1

[Event "Yerevan Zonal"]
[Site "Yerevan"]
[Date "1981.02.??"]
[Round "2"]
[White "Kupreichik, Viktor D"]
[Black "Tseshkovsky, Vitaly"]
[Result "1-0"]
[WhiteElo "2575"]
[BlackElo "2530"]
[PlyCount "87"]
[EventDate "1982.02.??"]
[EventType "tourn"]
[EventRounds "15"]
[EventCountry "URS"]
[EventCategory "12"]
[SourceTitle "MCL"]
[Source "ChessBase"]
[SourceDate "1999.07.01"]
[SourceVersion "1"]
[SourceVersionDate "1999.07.01"]
[SourceQuality "1"]

1. e4 e5 2. Nf3 Nc6 3. Bb5 a6 4. Ba4 Nf6 5. O-O Be7 6. Re1 b5 7. Bb3 d6 8. a4
b4 9. d4 Bg4 10. dxe5 Nxe5 11. Nbd2 O-O 12. h3 Nxf3+ 13. Nxf3 Bxf3 14. Qxf3 Nd7
15. Qe2 Bg5 16. Bd5 Ra7 17. c3 Bxc1 18. Raxc1 bxc3 19. Rxc3 c5 20. Bc4 Qb6 21.
f4 Qb4 22. Rd1 Qb8 23. Rb3 Qc7 24. Rbd3 Nb6 25. Ba2 c4 26. Rd4 Nxa4 27. Kh2 Qe7
28. Bxc4 Rb7 29. R1d2 a5 30. Bd5 Rb4 31. Rxb4 axb4 32. Qb5 Nc5 33. Qxb4 g5 34.
e5 gxf4 35. exd6 Qe3 36. Bf3 Ne6 37. Re2 Qd4 38. Qxd4 Nxd4 39. Rd2 Nf5 40. d7
Rd8 41. Rd5 Ne3 42. Rg5+ Kh8 43. Bc6 Nc4 44. b4 1-0

[Event "Yerevan Zonal"]
[Site "Yerevan"]
[Date "1981.02.??"]
[Round "10"]
[White "Kupreichik, Viktor D"]
[Black "Kuzmin, Gennadi P"]
[Result "1-0"]
[WhiteElo "2575"]
[BlackElo "2545"]
[PlyCount "55"]
[EventDate "1982.02.??"]
[EventType "tourn"]
[EventRounds "15"]
[EventCountry "URS"]
[EventCategory "12"]
[SourceTitle "MCL"]
[Source "ChessBase"]
[SourceDate "1999.07.01"]
[SourceVersion "1"]
[SourceVersionDate "1999.07.01"]
[SourceQuality "1"]

1. e4 e5 2. Nf3 Nc6 3. Bb5 a6 4. Ba4 Nf6 5. O-O Be7 6. Re1 b5 7. Bb3 d6 8. a4
Na5 9. axb5 Nxb3 10. cxb3 Bb7 11. bxa6 Bxa6 12. d4 Bb7 13. Rxa8 Qxa8 14. Bg5
O-O 15. dxe5 dxe5 16. Nxe5 Rd8 17. Qe2 h6 18. Qc4 hxg5 19. Qxf7+ Kh7 20. Qxe7
Bxe4 21. Qe6 Re8 22. Qh3+ Kg8 23. Nd3 Qd5 24. Nc3 Qxb3 25. Nc5 Qb4 26. N5xe4
Rxe4 27. Rxe4 Nxe4 28. Qe6+ 1-0

[Event "Minsk International"]
[Site "Minsk"]
[Date "1982.05.11"]
[Round "4"]
[White "Kupreichik, Viktor D"]
[Black "Mochalov, Evgeny Veniaminovic"]
[Result "1-0"]
[WhiteElo "2570"]
[BlackElo "2435"]
[PlyCount "93"]
[EventDate "1982.05.07"]
[EventType "tourn"]
[EventRounds "15"]
[EventCountry "URS"]
[EventCategory "11"]
[SourceTitle "MCL"]
[Source "ChessBase"]
[SourceDate "1999.07.01"]
[SourceVersion "1"]
[SourceVersionDate "1999.07.01"]
[SourceQuality "1"]

1. e4 c5 2. Nf3 a6 3. Nc3 b5 4. g3 Bb7 5. d3 e6 6. Bg2 d6 7. O-O Nf6 8. Nh4 Be7
9. e5 Nd5 10. Nxd5 Bxh4 11. Nf6+ gxf6 12. Bxb7 Ra7 13. Bg2 Bg5 14. f4 Bh6 15.
Qh5 Bg7 16. f5 dxe5 17. fxe6 Qd6 18. Bh6 Bxh6 19. Qxh6 fxe6 20. Qxf6 Rf8 21.
Qxf8+ Qxf8 22. Rxf8+ Kxf8 23. Re1 Nd7 24. Bc6 Nb8 25. Bf3 Nd7 26. Kf2 Ke7 27.
g4 h6 28. h4 Kd6 29. g5 hxg5 30. hxg5 Nf8 31. Be4 Rg7 32. Rg1 Ke7 33. Kf3 Kf7
34. b3 Kg8 35. g6 Rc7 36. Rg5 Kg7 37. Rxe5 b4 38. Ke3 Kf6 39. Rh5 a5 40. d4
cxd4+ 41. Kxd4 e5+ 42. Kd5 Rd7+ 43. Kc6 Rd4 44. Rf5+ Kxg6 45. Rxe5+ Kf6 46.
Rf5+ Ke7 47. Bd3 1-0

[Event "Minsk International"]
[Site "Minsk"]
[Date "1982.05.17"]
[Round "8"]
[White "Kupreichik, Viktor D"]
[Black "Jussupow, Artur"]
[Result "1-0"]
[WhiteElo "2570"]
[BlackElo "2555"]
[PlyCount "84"]
[EventDate "1982.05.07"]
[EventType "tourn"]
[EventRounds "15"]
[EventCountry "URS"]
[EventCategory "11"]
[SourceTitle "MCL"]
[Source "ChessBase"]
[SourceDate "1999.07.01"]
[SourceVersion "1"]
[SourceVersionDate "1999.07.01"]
[SourceQuality "1"]

1. e4 e5 2. Bc4 Nf6 3. d3 c6 4. Nf3 Be7 5. Nc3 O-O 6. Bb3 Qc7 7. O-O Na6 8. a3
Nc5 9. Ba2 d6 10. b4 Ne6 11. Ne2 a5 12. Bb2 Re8 13. Qd2 Bf8 14. Ng3 c5 15. b5
h6 16. Nh4 Qd8 17. Ngf5 g6 18. f4 gxf5 19. fxe5 dxe5 20. Nxf5 Nf4 21. Rxf4 exf4
22. Qxf4 Bxf5 23. Qxf5 Bg7 24. Rf1 c4 25. Bxc4 Qb6+ 26. Kh1 Rac8 27. Bxf6 Qxf6
28. Bxf7+ Kxf7 29. Qh5+ Kg8 30. Rxf6 Bxf6 31. Qxh6 Bg7 32. Qd2 Rf8 33. g3 Bd4
34. Qg5+ Bg7 35. c4 Rf2 36. e5 Rcf8 37. Qe3 Ra2 38. Kg1 Kh7 39. e6 Bf6 40. d4
b6 41. d5 Be7 42. d6 Rd8 1-0

[Event "Minsk International"]
[Site "Minsk"]
[Date "1982.05.22"]
[Round "12"]
[White "Kupreichik, Viktor D"]
[Black "Rivas Pastor, Manuel"]
[Result "1-0"]
[WhiteElo "2570"]
[BlackElo "2470"]
[PlyCount "79"]
[EventDate "1982.05.07"]
[EventType "tourn"]
[EventRounds "15"]
[EventCountry "URS"]
[EventCategory "11"]
[SourceTitle "MCL"]
[Source "ChessBase"]
[SourceDate "1999.07.01"]
[SourceVersion "1"]
[SourceVersionDate "1999.07.01"]
[SourceQuality "1"]

1. e4 Nf6 2. e5 Nd5 3. d4 d6 4. Nf3 Bg4 5. Be2 e6 6. c4 Nb6 7. exd6 cxd6 8. h3
Bh5 9. Nc3 Be7 10. Be3 O-O 11. O-O d5 12. c5 N6d7 13. b4 Nc6 14. Rb1 Bg6 15.
Bd3 Bxd3 16. Qxd3 a6 17. Bf4 Bf6 18. Rfe1 g6 19. Re2 b6 20. Na4 Re8 21. Bd6 b5
22. Nc3 Qc8 23. a3 Qb7 24. Ra2 h5 25. a4 bxa4 26. Rxa4 Ra7 27. Qe3 Ne7 28. g4
hxg4 29. hxg4 Qc6 30. b5 Qc8 31. Qe2 Nb8 32. Ne5 Kg7 33. Bxb8 Qxb8 34. bxa6 Qa8
35. f4 Rh8 36. g5 Bxe5 37. Qxe5+ Kg8 38. Rb8+ Nc8 39. Nb5 Kh7 40. Ra3 1-0

[Event "URS-ch50 Semifinal"]
[Site "Severodonetsk"]
[Date "1982.06.??"]
[Round "?"]
[White "Kupreichik, Viktor D"]
[Black "Karasev, Vladimir I"]
[Result "1-0"]
[WhiteElo "2570"]
[BlackElo "2390"]
[PlyCount "91"]
[EventDate "1982.06.??"]
[EventType "tourn"]
[EventRounds "17"]
[EventCountry "URS"]
[EventCategory "7"]
[SourceTitle "EXT 1999"]
[Source "ChessBase"]
[SourceDate "1998.11.16"]
[SourceVersion "1"]
[SourceVersionDate "1998.11.16"]
[SourceQuality "1"]

1. e4 d6 2. d4 g6 3. Be3 Bg7 4. Qd2 c6 5. f3 Nd7 6. c4 e5 7. Nc3 a6 8. dxe5
dxe5 9. c5 Bh6 10. Bxh6 Qh4+ 11. g3 Qxh6 12. Qxh6 Nxh6 13. Na4 Ke7 14. O-O-O
Rd8 15. Bc4 Nf8 16. Rxd8 Kxd8 17. Nb6 Rb8 18. Ne2 Be6 19. Rd1+ Ke7 20. Bxe6
Nxe6 21. Rd7+ Ke8 22. b4 Ng8 23. Kd2 a5 24. a3 axb4 25. axb4 Nf6 26. Rd3 Ke7
27. Ke3 h5 28. Nc1 Nd4 29. Rd2 Rd8 30. Nd3 Nb5 31. Nxe5 Rxd2 32. Kxd2 Ke6 33.
Nbc4 g5 34. Ke3 Nc3 35. Nd3 g4 36. Nd6 gxf3 37. Kxf3 b5 38. cxb6 Kxd6 39. e5+
Kd7 40. exf6 Nd5 41. Ne5+ Kc8 42. Nxc6 Nxf6 43. Kf4 Ng4 44. h4 f6 45. Ne7+ Kb7
46. Nd5 1-0

[Event "URS-ch50 Semifinal"]
[Site "Severodonetsk"]
[Date "1982.06.??"]
[Round "?"]
[White "Kupreichik, Viktor D"]
[Black "Sideif Sade, Fikret Israfil O"]
[Result "1-0"]
[WhiteElo "2570"]
[BlackElo "2355"]
[PlyCount "92"]
[EventDate "1982.06.??"]
[EventType "tourn"]
[EventRounds "17"]
[EventCountry "URS"]
[EventCategory "7"]
[SourceTitle "EXT 2009"]
[Source "ChessBase"]
[SourceDate "2008.11.26"]
[SourceVersion "1"]
[SourceVersionDate "2008.11.26"]
[SourceQuality "1"]

1. e4 c5 2. Nf3 e6 3. d4 cxd4 4. Nxd4 a6 5. Be2 Qc7 6. f4 Nc6 7. Bf3 Bc5 8. Nb3
Ba7 9. Nc3 Nge7 10. Qe2 O-O 11. Be3 b5 12. O-O-O b4 13. Na4 a5 14. e5 Rd8 15.
Kb1 Ba6 16. Qxa6 Bxe3 17. Qc4 d5 18. exd6 Rxd6 19. Rxd6 Qxd6 20. g3 Rd8 21. Re1
Bf2 22. Rf1 Ba7 23. Nbc5 Qd4 24. Qxd4 Rxd4 25. Kc1 Kf8 26. Rd1 Rxd1+ 27. Kxd1
Ke8 28. Kd2 Kd8 29. Kd3 Kc7 30. Kc4 Nf5 31. g4 Ne3+ 32. Kd3 Nd5 33. Bxd5 exd5
34. h3 Nd8 35. f5 Kc6 36. Nb3 Kb5 37. Nd4+ Bxd4 38. Kxd4 Kxa4 39. Kc5 f6 40.
Kxd5 Nf7 41. Kc5 Ng5 42. h4 Nf3 43. Kd5 Nxh4 44. Ke6 Nf3 45. Kf7 Ne5+ 46. Kxg7
Nxg4 1-0

[Event "URS-chT Cup 12th"]
[Site "Kislovodsk"]
[Date "1982.06.??"]
[Round "3"]
[White "Kupreichik, Viktor D"]
[Black "Palatnik, Semon"]
[Result "1-0"]
[WhiteElo "2570"]
[BlackElo "2505"]
[PlyCount "41"]
[EventDate "1982.06.??"]
[EventType "team-tourn"]
[EventRounds "7"]
[EventCountry "URS"]
[SourceTitle "EXT 2020"]
[Source "ChessBase"]
[SourceDate "2019.10.17"]
[SourceVersion "1"]
[SourceVersionDate "2019.10.17"]
[SourceQuality "1"]
[WhiteTeam "Dinamo"]
[BlackTeam "The Rural Societies"]
[WhiteTeamCountry "URS"]
[BlackTeamCountry "URS"]

1. e4 Nf6 2. e5 Nd5 3. d4 d6 4. Be2 dxe5 5. dxe5 Nc6 6. Nf3 Bg4 7. c3 e6 8. Qa4
Bxf3 9. Bxf3 Qd7 10. Qe4 Nde7 11. Bf4 Ng6 12. Nd2 O-O-O 13. O-O-O Qd3 14. Qa4
Qf5 15. Bxc6 Nxf4 16. Be4 Qxe5 17. Nf3 Qf6 18. Rxd8+ Qxd8 19. Ne5 Bc5 20. Rd1
Nd5 21. Bxd5 1-0

[Event "URS-chT Republics 16th Group3"]
[Site "Moscow"]
[Date "1983.07.18"]
[Round "3"]
[White "Kupreichik, Viktor D"]
[Black "Ehlvest, Jaan"]
[Result "1-0"]
[WhiteElo "2475"]
[BlackElo "2480"]
[PlyCount "83"]
[EventDate "1983.07.15"]
[EventType "team-tourn"]
[EventRounds "5"]
[EventCountry "URS"]
[SourceTitle "EXT 2020"]
[Source "ChessBase"]
[SourceDate "2019.10.17"]
[SourceVersion "1"]
[SourceVersionDate "2019.10.17"]
[SourceQuality "1"]
[WhiteTeam "Belarus"]
[BlackTeam "Estonia"]
[WhiteTeamCountry "BLR"]
[BlackTeamCountry "EST"]

1. e4 c5 2. d3 e6 3. f4 d5 4. Be2 Nc6 5. Nf3 Nf6 6. e5 Nd7 7. c3 f6 8. d4 Qb6
9. O-O cxd4 10. cxd4 fxe5 11. fxe5 Ndxe5 12. Nxe5 Nxe5 13. Nc3 Bd7 14. Bg5 Nc6
15. Bb5 Qxd4+ 16. Qxd4 Nxd4 17. Bxd7+ Kxd7 18. Rf7+ Ke8 19. Rxb7 h6 20. Nxd5
hxg5 21. Nc7+ Kd7 22. Nxa8+ Kc8 23. Rxa7 Kb8 24. Ra4 Kb7 25. Rf1 Ne2+ 26. Kf2
Nf4 27. Kf3 Bd6 28. Rd1 Nd5 29. Re1 Re8 30. g3 Bb8 31. Rc1 Re7 32. Ra5 Rf7+ 33.
Kg4 Rf5 34. Ra3 Nf6+ 35. Kh3 Bd6 36. Rb3+ Kxa8 37. Rc6 Bc5 38. g4 Rd5 39. Ra6+
Ba7 40. Rxe6 Rd7 41. Re5 Rd5 42. Re7 1-0

[Event "URS-chT Republics 16th final B"]
[Site "Moscow"]
[Date "1983.07.23"]
[Round "2"]
[White "Rashkovsky, Nukhim N"]
[Black "Kupreichik, Viktor D"]
[Result "0-1"]
[WhiteElo "2495"]
[BlackElo "2475"]
[PlyCount "88"]
[EventDate "1983.07.23"]
[EventType "team-tourn"]
[EventRounds "5"]
[EventCountry "URS"]
[SourceTitle "EXT 2020"]
[Source "ChessBase"]
[SourceDate "2019.10.17"]
[SourceVersion "1"]
[SourceVersionDate "2019.10.17"]
[SourceQuality "1"]
[WhiteTeam "Kazakhstan"]
[BlackTeam "Belarus"]
[WhiteTeamCountry "KAZ"]
[BlackTeamCountry "BLR"]

1. d4 Nf6 2. c4 e6 3. Nc3 Bb4 4. Nf3 d5 5. cxd5 exd5 6. Bg5 h6 7. Bh4 c5 8. e3
Bxc3+ 9. bxc3 c4 10. Nd2 O-O 11. Be2 Bf5 12. g4 Bh7 13. Bg3 Nc6 14. h4 b5 15.
g5 hxg5 16. hxg5 Ne4 17. Nxe4 Bxe4 18. f3 Qxg5 19. Kf2 Bg6 20. Bf4 Qf5 21. Rh4
f6 22. Qh1 Rad8 23. Rg1 Kf7 24. Qh2 Rg8 25. e4 dxe4 26. fxe4 Qxe4 27. Rxg6 Rde8
28. Be5 Qc2 29. Rg2 Nxe5 30. dxe5 Rxe5 31. Kg1 Qxc3 32. Bf1 g5 33. Rh7+ Ke6 34.
Qh5 Qd4+ 35. Kh1 Re1 36. Qf7+ Kf5 37. Rg1 Qe4+ 38. Bg2 Rxg1+ 39. Kxg1 Qd4+ 40.
Kh1 Rd8 41. Rh3 Qa1+ 42. Kh2 Qe5+ 43. Rg3 Rd3 44. Bh3+ Ke4 0-1

[Event "URS-chT Republics 16th final B"]
[Site "Moscow"]
[Date "1983.07.24"]
[Round "3"]
[White "Kupreichik, Viktor D"]
[Black "Magerramov, Elmar S"]
[Result "1-0"]
[WhiteElo "2475"]
[BlackElo "2430"]
[PlyCount "57"]
[EventDate "1983.07.23"]
[EventType "team-tourn"]
[EventRounds "5"]
[EventCountry "URS"]
[SourceTitle "EXT 2020"]
[Source "ChessBase"]
[SourceDate "2019.10.17"]
[SourceVersion "1"]
[SourceVersionDate "2019.10.17"]
[SourceQuality "1"]
[WhiteTeam "Belarus"]
[BlackTeam "Azerbaijan"]
[WhiteTeamCountry "BLR"]
[BlackTeamCountry "AZE"]

1. e4 c5 2. d3 Nc6 3. f4 d5 4. Be2 dxe4 5. dxe4 Qxd1+ 6. Bxd1 Nf6 7. Nc3 e6 8.
Be3 Bd7 9. Nf3 O-O-O 10. Be2 Be7 11. O-O-O Ng4 12. Bg1 f5 13. h3 Nh6 14. exf5
Nxf5 15. Ne4 Rhf8 16. c3 Nh4 17. Nxh4 Rxf4 18. Nd6+ Bxd6 19. g3 Rxh4 20. gxh4
Bf4+ 21. Kc2 b6 22. Bh2 e5 23. Bg4 Bxg4 24. Rxd8+ Nxd8 25. hxg4 Bxh2 26. Rxh2
Kd7 27. Rf2 Ke7 28. Kd3 Nf7 29. Ke4 1-0

[Event "URS-chT Republics 16th final B"]
[Site "Moscow"]
[Date "1983.07.28"]
[Round "5"]
[White "Kupreichik, Viktor D"]
[Black "Lutikov, Anatoly S"]
[Result "1-0"]
[WhiteElo "2475"]
[BlackElo "2410"]
[PlyCount "73"]
[EventDate "1983.07.23"]
[EventType "team-tourn"]
[EventRounds "5"]
[EventCountry "URS"]
[SourceTitle "EXT 2020"]
[Source "ChessBase"]
[SourceDate "2019.10.17"]
[SourceVersion "1"]
[SourceVersionDate "2019.10.17"]
[SourceQuality "1"]
[WhiteTeam "Belarus"]
[BlackTeam "Moldova"]
[WhiteTeamCountry "BLR"]
[BlackTeamCountry "MDA"]

1. e4 e5 2. Nf3 Nc6 3. Bb5 a6 4. Ba4 Nf6 5. O-O d6 6. Re1 Bd7 7. c4 Bg4 8. d4
Nd7 9. Bxc6 bxc6 10. Be3 Be7 11. Nbd2 O-O 12. h3 exd4 13. Bxd4 Be6 14. Qc2 c5
15. Bc3 f6 16. Nh4 Re8 17. b3 Ne5 18. f4 Ng6 19. Nxg6 hxg6 20. Nf3 Bf8 21. Rad1
Bf7 22. e5 fxe5 23. fxe5 Qc8 24. Rf1 Qf5 25. Qc1 Qh5 26. Ng5 Be6 27. Qf4 Kh8
28. Rde1 Bg8 29. e6 Be7 30. Nf7+ Kh7 31. g4 Qh4 32. g5 Qh5 33. Qg3 Rf8 34. Bxg7
Bxf7 35. Bxf8 Rxf8 36. Rxf7+ Rxf7 37. exf7 1-0

[Event "URS-ch51 Otborochny"]
[Site "Minsk"]
[Date "1983.09.??"]
[Round "?"]
[White "Bagirov, Vladimir"]
[Black "Kupreichik, Viktor D"]
[Result "0-1"]
[WhiteElo "2500"]
[BlackElo "2480"]
[PlyCount "126"]
[EventDate "1983.09.??"]
[EventType "tourn"]
[EventRounds "17"]
[EventCountry "URS"]
[EventCategory "8"]
[SourceTitle "MCD"]
[Source "ChessBase"]
[SourceDate "1999.07.01"]
[SourceVersion "1"]
[SourceVersionDate "1999.07.01"]
[SourceQuality "1"]

1. d4 e6 2. c4 Nf6 3. Nc3 Bb4 4. e3 O-O 5. Bd3 d5 6. a3 Bxc3+ 7. bxc3 c5 8.
cxd5 Qxd5 9. f3 Nc6 10. Ne2 e5 11. e4 Qd6 12. d5 Ne7 13. c4 Ne8 14. O-O f6 15.
f4 Ng6 16. f5 Nh8 17. Nc3 Qe7 18. Be3 Bd7 19. Rb1 b6 20. a4 Nf7 21. a5 Rb8 22.
Rf2 Nc7 23. Rfb2 Na8 24. axb6 axb6 25. Bc2 Rfc8 26. Ba4 Nd6 27. Bxd7 Qxd7 28.
Qd3 Rb7 29. Nb5 Nc7 30. Nxd6 Qxd6 31. Ra1 Ne8 32. h3 Qd8 33. Rba2 Nd6 34. Ra6
Rbb8 35. Rb1 Qc7 36. Rba1 Rd8 37. Qc2 Rb7 38. Kh1 Nc8 39. Qa4 h6 40. Ra8 Nd6
41. Rxd8+ Qxd8 42. Qc6 Qb8 43. Ra6 Nxe4 44. Qa4 Kh7 45. Ra8 Qd6 46. g4 Qd7 47.
Qc2 Nd6 48. Ra6 Nc8 49. Ra1 Ra7 50. Rb1 Ra3 51. Bf2 Qa7 52. Kg2 Nd6 53. Qb2 Ra2
54. Qxb6 Qxb6 55. Rxb6 Ne4 56. Kf3 Nxf2 57. Rc6 Nxh3 58. Rxc5 Ra3+ 59. Ke2 Nf4+
60. Kd2 Rd3+ 61. Kc2 Rd4 62. Kc3 Ng2 63. Rc6 Ne3 0-1

[Event "URS-ch51 Otborochny"]
[Site "Minsk"]
[Date "1983.09.??"]
[Round "?"]
[White "Grigorian, Karen Ashotovich"]
[Black "Kupreichik, Viktor D"]
[Result "0-1"]
[WhiteElo "2425"]
[BlackElo "2480"]
[PlyCount "56"]
[EventDate "1983.09.??"]
[EventType "tourn"]
[EventRounds "17"]
[EventCountry "URS"]
[EventCategory "8"]
[SourceTitle "MCD"]
[Source "ChessBase"]
[SourceDate "1999.07.01"]
[SourceVersion "1"]
[SourceVersionDate "1999.07.01"]
[SourceQuality "1"]

1. d4 Nf6 2. Nf3 d5 3. c4 e6 4. Nc3 Bb4 5. cxd5 exd5 6. Bg5 h6 7. Bxf6 Qxf6 8.
Qb3 c5 9. a3 Bxc3+ 10. bxc3 c4 11. Qb5+ Qc6 12. a4 O-O 13. g3 Qxb5 14. axb5 Bd7
15. Rb1 Bf5 16. Ra1 Bd7 17. Rb1 a6 18. bxa6 Rxa6 19. Bg2 Bf5 20. Rb2 Ra3 21.
Ne5 Nc6 22. Rxb7 Nxe5 23. dxe5 Rd8 24. O-O Rxc3 25. e3 Rb3 26. Rc7 c3 27. Rc1
c2 28. e4 Rc8 0-1

[Event "URS-ch51 Otborochny"]
[Site "Minsk"]
[Date "1983.09.??"]
[Round "?"]
[White "Kupreichik, Viktor D"]
[Black "Anikaev, Yuri N"]
[Result "1-0"]
[WhiteElo "2480"]
[BlackElo "2460"]
[PlyCount "65"]
[EventDate "1983.09.??"]
[EventType "tourn"]
[EventRounds "17"]
[EventCountry "URS"]
[EventCategory "8"]
[SourceTitle "MCD"]
[Source "ChessBase"]
[SourceDate "1999.07.01"]
[SourceVersion "1"]
[SourceVersionDate "1999.07.01"]
[SourceQuality "1"]

1. e4 c5 2. d3 Nc6 3. f4 g6 4. c3 Bg7 5. Be3 d6 6. Nf3 Nf6 7. h3 Nh5 8. Kf2 e5
9. f5 gxf5 10. exf5 Nf6 11. g4 e4 12. dxe4 Nxe4+ 13. Kg2 d5 14. Nbd2 O-O 15.
Nxe4 dxe4 16. Ng5 Qe7 17. Qd5 Bh6 18. h4 Rd8 19. Qxf7+ Qxf7 20. Nxf7 Bxe3 21.
Nxd8 Nxd8 22. Bc4+ Kf8 23. Rad1 Nc6 24. Rhe1 Bf4 25. Rxe4 Bc7 26. f6 h5 27. Rd5
b5 28. Rxh5 bxc4 29. Rh8+ Kf7 30. Rh7+ Kxf6 31. Rxc7 Ne5 32. Kg3 Bxg4 33. Rxc5
1-0

[Event "URS-ch51 Otborochny"]
[Site "Minsk"]
[Date "1983.09.??"]
[Round "?"]
[White "Kupreichik, Viktor D"]
[Black "Gavrikov, Viktor"]
[Result "1-0"]
[WhiteElo "2480"]
[BlackElo "2470"]
[PlyCount "86"]
[EventDate "1983.09.??"]
[EventType "tourn"]
[EventRounds "17"]
[EventCountry "URS"]
[EventCategory "8"]
[SourceTitle "MCD"]
[Source "ChessBase"]
[SourceDate "1999.07.01"]
[SourceVersion "1"]
[SourceVersionDate "1999.07.01"]
[SourceQuality "1"]

1. e4 c5 2. Nf3 d6 3. d4 cxd4 4. Nxd4 Nf6 5. Nc3 a6 6. Be3 e5 7. Nb3 Be7 8. Qd2
Be6 9. f3 O-O 10. O-O-O Nbd7 11. g4 Qc7 12. h4 b5 13. h5 Rfc8 14. Qg2 Nb6 15.
g5 Nfd7 16. g6 b4 17. Nd5 Nxd5 18. exd5 Bf5 19. Bd3 Bxd3 20. Rxd3 a5 21. Kb1 a4
22. Nc1 Nf6 23. f4 exf4 24. Bxf4 Ra5 25. gxf7+ Kxf7 26. Rg3 Bf8 27. h6 g6 28.
Rf1 Ke8 29. Re1+ Kf7 30. Rf1 Ke8 31. Re3+ Be7 32. Rxe7+ Qxe7 33. Bg5 Qe4 34.
Qf2 Rxd5 35. Qxf6 Kd7 36. Qg7+ Kc6 37. Rf4 Qe6 38. Rxb4 Rc7 39. Rc4+ Rc5 40.
Rxc5+ dxc5 41. Qh8 Qc8 42. Qf6+ Kb7 43. Nd3 Qg4 1-0

[Event "URS-ch51 Otborochny"]
[Site "Minsk"]
[Date "1983.09.??"]
[Round "?"]
[White "Kupreichik, Viktor D"]
[Black "Vyzmanavin, Alexey"]
[Result "1-0"]
[WhiteElo "2480"]
[BlackElo "2480"]
[PlyCount "68"]
[EventDate "1983.09.??"]
[EventType "tourn"]
[EventRounds "17"]
[EventCountry "URS"]
[EventCategory "8"]
[SourceTitle "MCD"]
[Source "ChessBase"]
[SourceDate "1999.07.01"]
[SourceVersion "1"]
[SourceVersionDate "1999.07.01"]
[SourceQuality "1"]

1. e4 c6 2. Nc3 d5 3. Nf3 Bg4 4. h3 Bh5 5. exd5 cxd5 6. Bb5+ Nc6 7. g4 Bg6 8.
Ne5 Rc8 9. d4 e6 10. h4 f6 11. Nxg6 hxg6 12. Kf1 a6 13. Ba4 g5 14. h5 Nh6 15.
Rg1 Bd6 16. Ne2 O-O 17. c3 Bb8 18. Bc2 e5 19. dxe5 fxe5 20. Be3 Qd7 21. Nc1 Ba7
22. Bxa7 Nxa7 23. Nd3 Nc6 24. Nc5 Qf7 25. Qd2 Na5 26. Bg6 Qf3 27. Ne6 Nxg4 28.
Nxf8 Nc4 29. Qe2 Qh3+ 30. Ke1 Nh2 31. Rg3 Qh4 32. Ne6 g4 33. Qd3 Nf3+ 34. Ke2
Rc6 1-0